R (on the application of McLellan) v Bracknell Forest BC; Reigate and Banstead BC v Benfield and another (Record no. 70884)
[ view plain ]
| 000 -LEADER | |
|---|---|
| fixed length control field | 02262cam a2200337 4500 |
| 001 - CONTROL NUMBER | |
| control field | ABS65751 |
| 008 - FIXED-LENGTH DATA ELEMENTS--GENERAL INFORMATION | |
| fixed length control field | 020802n2002 000 0 eng u |
| 035 ## - SYSTEM CONTROL NUMBER | |
| System control number | (Sirsi) u119163 |
| 245 ## - TITLE STATEMENT | |
| Title | R (on the application of McLellan) v Bracknell Forest BC; Reigate and Banstead BC v Benfield and another |
| 260 ## - PUBLICATION, DISTRIBUTION, ETC. | |
| Date of publication, distribution, etc. | 2002 |
| 490 ## - SERIES STATEMENT | |
| Series statement | Weekly Law Reports |
| Volume/sequential designation | [2002] 2 WLR 1448-1482 (35) |
| 520 ## - SUMMARY, ETC. | |
| Summary, etc. | [2001]EWCA Civ 1510, 16 October 2001.Two appeals by housing authority tenants who held introductory tenancies with a one year probationary period as permitted under the Housing Act 1996 part V. In both cases the housing authority served a notice of proceedings under s128 of the 1996 Act to re-possess as a result of arrears of rent. The tenant has a right to review under s129 of the Act. In the first case (M) the review upheld the notice and the tenant sought judicial review of the notice on the ground that the introductory tenancy scheme was incompatible with relevant sections of the Human Rights Act 1998; in the second case the tenant (B) appealed against decision to give the housing authority possession. "Held" Appeals dismissed. The Housing Act 1996 s127 review conformed with the Human Rights Act 1998 s7 and provided a tenant with adequate protection. Questions of whether breach of human rights occurred can be considered at county court stage. M has been granted leave to appeal to HL. View judgment at www.courtservice.gov.uk. |
| 590 ## - LOCAL NOTE (RLIN) | |
| Local note | ABS |
| 600 ## - SUBJECT ADDED ENTRY--PERSONAL NAME | |
| Personal name | HUMAN RIGHTS ACT 1998 S7(1)B |
| 650 ## - SUBJECT ADDED ENTRY--TOPICAL TERM | |
| Topical term or geographic name entry element | R V BRACKNELL FOREST BC EX P MCLELLAN |
| 650 ## - SUBJECT ADDED ENTRY--TOPICAL TERM | |
| Topical term or geographic name entry element | REIGATE AND BANSTEAD BC V BENFIELD AND ANOTHER |
| 650 ## - SUBJECT ADDED ENTRY--TOPICAL TERM | |
| Topical term or geographic name entry element | POSSESSION ORDERS |
| 650 ## - SUBJECT ADDED ENTRY--TOPICAL TERM | |
| Topical term or geographic name entry element | HOUSING ACT 1996 S127 |
| 650 ## - SUBJECT ADDED ENTRY--TOPICAL TERM | |
| Topical term or geographic name entry element | HOUSING ACT 1996 S128 |
| 650 ## - SUBJECT ADDED ENTRY--TOPICAL TERM | |
| Topical term or geographic name entry element | HOUSING ACT 1996 S129 |
| 650 ## - SUBJECT ADDED ENTRY--TOPICAL TERM | |
| Topical term or geographic name entry element | RENT ARREARS |
| 650 ## - SUBJECT ADDED ENTRY--TOPICAL TERM | |
| Topical term or geographic name entry element | INTRODUCTORY TENANCIES |
| 650 ## - SUBJECT ADDED ENTRY--TOPICAL TERM | |
| Topical term or geographic name entry element | HUMAN RIGHTS ACT 1998 SCHED 1 PART I ART 6 |
| 650 ## - SUBJECT ADDED ENTRY--TOPICAL TERM | |
| Topical term or geographic name entry element | COUNCIL HOUSING |
| 650 ## - SUBJECT ADDED ENTRY--TOPICAL TERM | |
| Topical term or geographic name entry element | HOUSING |
| 650 ## - SUBJECT ADDED ENTRY--TOPICAL TERM | |
| Topical term or geographic name entry element | INTRODUCTORY TENANTS (REVIEW) REGULATIONS 1997 |
| 650 ## - SUBJECT ADDED ENTRY--TOPICAL TERM | |
| Topical term or geographic name entry element | HUMAN RIGHTS ACT 1998 SCHED 1 PART I ART 8 |
| 690 ## - LOCAL SUBJECT ADDED ENTRY--TOPICAL TERM (OCLC, RLIN) | |
| Topical term or geographic name as entry element | LANDLORD AND TENANT-RESIDENTIAL TENANCIES-CASE LAW |
| 856 ## - ELECTRONIC LOCATION AND ACCESS | |
| Uniform Resource Identifier | <a href="https://www.courtservice.gov.uk/View.do?id=384">https://www.courtservice.gov.uk/View.do?id=384</a> |
| Public note | View the judgment on the Court Service website... |
| 942 ## - ADDED ENTRY ELEMENTS (KOHA) | |
| Suppress in OPAC | 0 |
| Withdrawn status | Lost status | Source of classification or shelving scheme | Damaged status | Not for loan | Home library | Current library | Shelving location | Date acquired | Total Checkouts | Full call number | Barcode | Date last seen | Copy number | Price effective from | Koha item type |
|---|---|---|---|---|---|---|---|---|---|---|---|---|---|---|---|
| Dewey Decimal Classification | London | London | Journal article | 02/08/2002 | ABS65751 | 119163-1001 | 06/08/2019 | 1 | 06/08/2019 | Law report |